| 000 | 00451nam a2200217Ia 4500 | ||
|---|---|---|---|
| 003 | IT-RoPAU | ||
| 008 | 120407s9999 xx 000 0 und d | ||
| 040 | _aIT-RoPAU | ||
| 040 | _cIT-RoPAU | ||
| 041 | _afra | ||
| 100 | _aLouis Chaussegros De Lery | ||
| 100 | _cs.j. | ||
| 245 | _aLe privilège de la foi | ||
| 250 | _aMontréal | ||
| 260 | _c1938 | ||
| 300 | _a172 p. | ||
| 300 | _c23,5 cm | ||
| 490 | _v1 | ||
| 942 | _cBK | ||
| 999 |
_c27060 _d27060 |
||